Calculus of variations

Guardat en:
Dades bibliogràfiques
Autors principals: Gelfand, I. M (Autor), Fomin, S. V (Autor)
Format: Llibre
Idioma:anglès
Publicat: Nueva York Dover 2000
Matèries:
Etiquetes: Afegir etiqueta
Sense etiquetes, Sigues el primer a etiquetar aquest registre!

MARC

LEADER 00000nam a2200000 a 4500
001 UCL9117
003 CL-VaPUC
008 040723e20000000us |||||||||||||||||eng|d
020 |a 0486414485 
082 0 4 |a 515.64  |b GEL  |2 21 
100 |a Gelfand, I. M  |e author  |9 536005 
700 0 |a Fomin, S. V  |e author  |9 487009 
245 1 0 |a Calculus of variations 
300 |a 232 p 
942 |c BK 
945 |d 20040723 00:00:00  |a cmena 
260 |a Nueva York  |b Dover  |c 2000 
500 |a Proyecto MECESUP 
650 7 |a CALCULO ANALITICO  |2 CL-VaPUC  |9 487010 
650 0 |a Cálculo de variaciones   |9 270526 
583 |a last modification  |c 20150504 04:57:30  |k Rodrigo Vera 
999 |c 310080  |d 310078 
952 |0 0  |1 0  |4 0  |6 515_640000000000000_GEL_2000  |7 0  |8 A  |9 378145  |a BIBCUR  |b BIBCUR  |d 2019-11-21  |i 4040287  |l 1  |m 1  |o 515.64 GEL 2000  |p 4040287  |r 2025-04-22  |s 2024-06-17  |w 2019-11-21  |y BK  |k FIS